000
00276nam a2200121 a 4500
005
20140414093838.0
008
030930s19uu xx 00 eng d
050
_a
CDR 004.5
_b
ADO 2000
245
_a
Adobe font folio.
650
_a
CD-ROM.
942
_c
AVM
999
_c
109151
_d
109151